zpět

Detail výsledku týmu

Separé - Nové Město, Praha

Datum a čas kvízu

22 Celkem bodů Celkový počet nahraných bodů na tomto kvízu bez doplňovacích otázek.
5. Pořadí na kvízu Konečné umístění týmu na tomto kvízu.

Zaznamenané odpovědi

# Otázka Odpověď Body Výsledky
1. Příslušníci jisté profese se v... popeláři 1
2. Která velká evropská země schv... Francie 1
3. TV Prima minulý týden představ... Asia Express 1
4. Tato 40letá žena se jmenuje Le... Zoo Praha 0
5. Mistry republiky 2026 se o vík... A 0
6. Na obrázku níže můžete vidět d... Drákula a Frankenstein 0.5
7. Co by to bylo za hororové téma... D 0
8. Ze které (převážně videoherní)... Resident Evil 1
9. Přiřaďte herce a herečky k jej... 1C 2D 3B 4A 1
10. Čím je inspirován česko-americ... D 1